000 00767cab a2200241 4500
001 ABS48969
008 090401t1993 xxu||||| |||| 00| 0 eng d
035 _a(Sirsi) u69282
041 _aeng
100 _aWharton, M.
245 _aPark and ride to the bank
260 _c1993
350 _a0
490 _aEstates Times
_v(1196) 2 July 1993, 8(1)
520 _aSuggests a finance `park-and-ride` scheme whereby a landlord can sell favourably an investment property, which, let in a depressed market, would otherwise fetch a low price.
650 _aINVESTMENT PROPERTY
650 _aPROPERTY SALES
650 _aUNDER-RENTED PROPERTIES
650 _aYIELDS
690 _aPROPERTY-PROPERTY FINANCE AND INVESTMENT
942 _n0
948 _c04/03/1997
999 _c43511
_d43511